| 000 | 00823nam a2200253Ia 4500 | ||
|---|---|---|---|
| 999 |
_c5237 _d5237 |
||
| 003 | OSt | ||
| 005 | 20200421215226.0 | ||
| 008 | 191128s2000 ck gr 000 0 spa d | ||
| 020 |
_a9586521370 _qv.1 |
||
| 020 |
_a9586521389 _qv.2 |
||
| 040 |
_aCO-JMCR _cCO-JMCR |
||
| 041 | 0 | _aspa | |
| 082 | 0 | 4 |
_a323.6 / _bS684m _223 |
| 100 | 1 |
_aSolarte Lindo, Guillermo, _eeditor _93351 |
|
| 245 | 1 | 0 |
_aMisión la política en Colombia / _ceditor Guillermo Solarte Lindo |
| 260 |
_aBogotá : _bESAP, _c2006 |
||
| 300 |
_a2v. ; _c24 cm. |
||
| 505 |
_gv.1 _tClaves para pensar la ciudadanía _gv.2 _tClaves para pensar la política |
||
| 650 | 1 | 4 |
_aPolítica y gobierno _93352 |
| 650 | 1 | 4 |
_aFormación ciudadana _93353 |
| 650 | 1 | 4 |
_aValores sociales _93354 |
| 650 | 1 | 4 |
_aMedios de comunicación _xciudadanía _93355 |
| 942 |
_2ddc _cBK |
||